书目信息 |
| 题名: |
太极拳延缓认知衰退研究
|
|
| 作者: | 岳春林 著 | |
| 分册: | ||
| 出版信息: | 上海 上海交通大学出版社 2020.11 |
|
| 页数: | 203页 | |
| 开本: | 24cm | |
| 丛书名: | ||
| 单 册: | ||
| 中图分类: | G852.11 , R161.7 | |
| 科图分类: | ||
| 主题词: | 太极拳--影响--长寿--研究 | |
| 电子资源: | ||
| ISBN: | 978-7-313-23739-2 | |
| 000 | 01219nam0 2200277 45 | |
| 001 | 012001001405 | |
| 005 | 20130912104638.0 | |
| 010 | @a978-7-313-23739-2@dCNY68.00 | |
| 100 | @a20210318d2020 em y0chiy0110 ea | |
| 101 | 0 | @achi |
| 102 | @aCN@b310000 | |
| 105 | @aak z 001yy | |
| 106 | @ar | |
| 200 | 1 | @a太极拳延缓认知衰退研究@Atai ji quan yan huan ren zhi shuai tui yan jiu@e基于脑科学@dBrain science for delaying cognitive decline in Tai Chi Chuan@f岳春林著@zeng |
| 210 | @a上海@c上海交通大学出版社@d2020.11 | |
| 215 | @a203页@c图@d24cm | |
| 300 | @a国家社科基金项目 苏州大学人文社科优秀学术专著出版资助计划 | |
| 300 | @a并列题名:Brain science for delaying cognitive decline in Tai Chi Chuan | |
| 330 | @a本书旨在揭示太极拳锻炼对改善老年人认知功能的影响及其机制。主要内容分三部分共八章。第一部分运动延缓认知老年化的研究基础,第二部分运动对大脑及海马体形态和功能的影响,第三部分太极拳锻炼对认知老化的影响。 | |
| 510 | 1 | @aBrain science for delaying cognitive decline in Tai Chi Chuan@zeng |
| 606 | 0 | @a太极拳@x影响@x长寿@x研究 |
| 690 | @aG852.11@v5 | |
| 690 | @aR161.7@v5 | |
| 701 | 0 | @a岳春林@Ayue chun lin@f(1974-)@4著 |
| 801 | @aCN@b江苏凤凰@c20211018 | |
| 905 | @b1343372-5@dG852.11@e520@f4 | |
| 太极拳延缓认知衰退研究:基于脑科学=Brain science for delaying cognitive decline in Tai Chi Chuan/岳春林著.-上海:上海交通大学出版社,2020.11 |
| 203页:图;24cm |
| 国家社科基金项目 苏州大学人文社科优秀学术专著出版资助计划.-并列题名:Brain science for delaying cognitive decline in Tai Chi Chuan |
| ISBN 978-7-313-23739-2:CNY68.00 |
| 本书旨在揭示太极拳锻炼对改善老年人认知功能的影响及其机制。主要内容分三部分共八章。第一部分运动延缓认知老年化的研究基础,第二部分运动对大脑及海马体形态和功能的影响,第三部分太极拳锻炼对认知老化的影响。 |
| ● |
| 相关链接 |
|
|
|
|
正题名:太极拳延缓认知衰退研究
索取号:G852.11/520
 
预约/预借
| 序号 | 登录号 | 条形码 | 馆藏地/架位号 | 状态 | 备注 |
| 1 | 1329113 | 213291132 | 第一样本阅览室/ [索取号:G852.11/520] | 在馆 | |
| 2 | 1329114 | 213291141 | 教育系资料室/ [索取号:G852.11/520] | 在馆 | |
| 3 | 1329115 | 213291150 | 教育系资料室/ [索取号:G852.11/520] | 在馆 | |
| 4 | 1329116 | 213291169 | 第四借阅区/ [索取号:G852.11/520] | 在馆 | |
| 5 | 1329117 | 213291178 | 第四借阅区/ [索取号:G852.11/520] | 在馆 | |
| 6 | 1343372 | 213433729 | 第四借阅区/ [索取号:G852.11/520] | 在馆 | |
| 7 | 1343373 | 213433738 | 第四借阅区/ [索取号:G852.11/520] | 在馆 | |
| 8 | 1343374 | 213433747 | 第四借阅区/ [索取号:G852.11/520] | 在馆 | |
| 9 | 1343375 | 213433756 | 第四借阅区/ [索取号:G852.11/520] | 在馆 |